000 00374nam a22001577a 4500
003 MPLRDC
005 20220104123715.0
008 210129b ||||| |||| 00| 0 eng d
082 _a415.7 JJY
100 _a纪家源编
245 _a皮肤病的预防与治疗
_c
260 _a
_b真善美出版社
_c
300 _b
650 _a皮肤病
942 _cBK
_o415.7 JJY
999 _c13552
_d13542